000 01640nam0a2200373 4500
001 RU\NLR\bibl\61409
005 20260409063459.0
010 _a5-89123-249-9
_911000
020 _aRU
_b98-26817
_9Книжная летопись
021 _aRU
_b98-17130
_9811
035 _a(NLR Aleph) 000059910
090 _a325814
_c325814
100 _a19990528d1998 |||y0rusy50 ca
101 0 _arus
102 _aRU
105 _ay |||||||||
200 1 _aЖилищный кодекс РСФСР
_eОфиц. текст по состоянию на 15 февр. 1998 г.
_fМ-во юстиции Рос. Федерации
_gВступ. ст. П. В. Крашенинникова [с. V-XXXII]
210 _aМ.
_cНорма
_cИНФРА-М
_d1998
215 _aXXXII,94 с.
_d17
604 _150011$aРоссийская Федерация$xЖилищный кодекс$2nlr_sh2$3RU\NLR\AUTH\661259622
_tРоссийская Федерация
_xЖилищный кодекс
_92083558
_3RU\NLR\AUTH\661259622
606 0 _aЖилищный кодекс
_yРоссийская Федерация
_92070963
_3RU\NLR\auth\661245705
610 0 _aЖилищный кодекс РСФСР
675 _a347.254(470)(094.4)
_v3
_zrus
686 _a10.27
_2rugasnti
686 _a67.404.2
_2rubbk
686 _aХ623.211.3-324.9(2Р)
740 1 _aРоссийская Федерация
_tЗаконы
_iЖилищный кодекс
_3RU\NLR\AUTH\880379479
_9425342
801 0 _aRU
_bRKP
_c19990528
_gPSBO
801 1 _aRU
_bRKP
_c19990528
801 2 _aRU
_bNLR
_c20090507
_grcr
852 _aNLR
_j98-2/991
942 _cBOOK
980 _aNB